|
|
|
|
| LEADER |
00000cam a2200000 a 4500 |
| 001 |
vtls001078281 |
| 003 |
SK-MaSNL |
| 005 |
20260301153210.0 |
| 008 |
240318s1995 xo e 0000f slo |
| 015 |
|
|
|a SNBA1995/04
|
| 020 |
|
|
|a 8088756561
|q (viaz.)
|
| 035 |
|
|
|a SNK000021116
|
| 040 |
|
|
|a SNK
|b slo
|c SNK
|e AACR2
|
| 041 |
1 |
|
|a slo
|h eng
|
| 044 |
|
|
|a xo
|c SK
|
| 080 |
|
|
|a 820 (73)-3
|2 1981
|
| 100 |
1 |
|
|a McComas, Mary Kay
|4 aut
|9 246676
|
| 240 |
1 |
4 |
|a The Trouble With Magic
|l Slovensky
|
| 245 |
1 |
0 |
|a Čarovný ostrov
|c Mary Kay Mac Comas ; preložila M. Chorváthová
|
| 260 |
|
|
|a Martin
|b Wist
|c 1995
|e Žilina
|f Žilinské tlačiarne
|
| 300 |
|
|
|a 174 s.
|c 18 cm
|
| 490 |
1 |
|
|a Love story
|v 58
|
| 655 |
|
7 |
|a americké romány
|2 SNKPH
|9 1174
|
| 655 |
|
7 |
|a ľúbostné romány
|2 SNKPH
|9 70497
|
| 700 |
1 |
|
|a Chorváthová, M.
|4 trl
|9 450069
|
| 830 |
|
0 |
|a Love story
|9 276554
|
| 852 |
|
|
|a Slovenská národná knižnica
|
| 919 |
|
|
|a 80-88756-56-1
|
| 954 |
|
|
|a beletria cudzojazyčná (svetová)
|2 lita
|
| 958 |
|
|
|a UC
|
| 958 |
|
|
|a TL
|
| 958 |
|
|
|a LX
|
| 958 |
|
|
|a NS
|
| 958 |
|
|
|a UP
|
| 968 |
|
|
|b ENG
|d Z amer. orig.
|
| 999 |
|
|
|c 791956
|d 793886
|
| 952 |
|
|
|t P60, <04>, [BOOK], {604}
|a SNK
|b SNK
|y VYP
|7 0
|p 17A0071275
|o snkSD 67035 D1
|0 0
|1 0
|4 0
|d 1997-06-09
|l 0
|r 2004-12-31 00:00:00
|w 2026-02-24
|
| 952 |
|
|
|a SNK
|b SNK
|y PREZ
|7 0
|p 17A1051809
|o snkSD 67035
|0 0
|1 0
|4 0
|d 2013-07-15
|l 0
|r 2026-02-24 01:41:09
|w 2026-02-24
|